20 Most Beautiful Countries in the World - Statistics

General Stats
  • This quiz has been taken 208 times
  • The average score is 11 of 20
Answer Stats
Rank Country % Correct
9 United States
94%
2 Canada
92%
4 Italy
83%
12 Mexico
79%
17 Norway
77%
3 New Zealand
75%
8 Iceland
72%
15 Switzerland
72%
13 India
68%
6 Indonesia
66%
18 Ireland
66%
14 Finland
58%
16 Peru
51%
5 South Africa
49%
20 Vietnam
40%
19 Croatia
35%
11 Slovenia
21%
1 Scotland
17%
7 England
15%
10 Wales
14%
No matching quizzes found
Score Distribution
Percent of People with Each Score
Percentile by Number Answered
Your Score History
You have not taken this quiz